200 biggest cities and towns in France - Statistics

General Stats
  • This quiz has been taken 1,966 times
  • The average score is 62 of 200
Answer Stats
# Population Answer % Correct
1 2,150,000 Paris
100%
2 870,000 Marseille
98%
3 520,000 Lyon
97%
9 258,000 Bordeaux
94%
5 340,500 Nice
94%
4 489,000 Toulouse
92%
10 234,000 Lille
89%
6 315,000 Nantes
87%
8 285,500 Strasbourg
87%
7 292,000 Montpellier
82%
11 218,500 Rennes
80%
24 140,000 Brest
78%
16 158,000 Dijon
78%
63 73,000 Calais
77%
15 169,000 Le Havre
75%
62 74,050 Cannes
74%
17 157,000 Grenoble
74%
12 182,000 Reims
74%
32 117,000 Orléans
70%
35 111,500 Rouen
70%
40 105,200 Nancy
69%
14 174,000 Saint-Étienne
69%
13 177,500 Toulon
69%
46 92,000 Avignon
68%
39 105,400 Caen
68%
53 85,150 Versailles
67%
33 116,000 Metz
66%
25 136,500 Tours
66%
20 149,000 Nîmes
65%
49 86,800 Dunkirk
63%
23 143,000 Le Mans
62%
26 134,200 Amiens
60%
22 144,000 Aix-en-Provence
59%
18 155,000 Angers
59%
30 118,900 Perpignan
59%
21 147,200 Clermont-Ferrand
58%
101 54,800 La Roche-sur-Yon
57%
27 131,000 Limoges
57%
34 113,000 Saint-Denis
57%
60 76,200 Pau
55%
66 70,900 Ajaccio
54%
28 128,700 Annecy
52%
59 76,200 La Rochelle
52%
38 108,800 Mulhouse
52%
80 63,100 Quimper
52%
47 88,800 Poitiers
50%
31 117,250 Besançon
49%
29 121,700 Boulogne-Billancourt
48%
55 79,200 Cherbourg-en-Contentin
48%
85 62,100 Troyes
48%
135 46,450 Carcassonne
47%
69 68,750 Colmar
47%
19 151,500 Villeurbanne
44%
113 51,450 Bayonne
43%
93 57,000 Lorient
42%
41 98,200 Roubaix
42%
76 64,750 Valence
42%
116 50,950 Arles
41%
56 78,000 Béziers
40%
134 46,500 Saint-Malo
40%
127 48,100 Bastia
39%
77 64,600 Bourges
39%
97 55,450 Narbonne
39%
43 96,950 Nanterre
37%
64 72,850 Antibes
36%
90 58,950 Chambéry
36%
45 92,350 Créteil
36%
155 43,450 Valenciennes
36%
42 97,550 Tourcoing
35%
36 111,100 Argenteuil
34%
68 70,800 Saint-Nazaire
34%
186 38,400 Chartres
33%
108 53,500 Vannes
33%
37 110,100 Montreuil
32%
86 61,050 Montauban
31%
88 59,150 Niort
31%
166 41,600 Arras
30%
94 56,650 Beauvais
29%
130 46,900 Belfort
29%
122 48,950 Albi
28%
146 44,750 Chalon-sur-Saône
28%
161 42,450 Tarbes
28%
140 45,900 Blois
27%
48 87,700 Aubervilliers
25%
74 66,400 Cergy
25%
173 40,600 Gap
25%
121 49,500 Laval
25%
107 53,800 Saint-Quentin
25%
165 41,700 Angoulême
24%
131 46,650 Évreux
24%
106 53,850 Fréjus
24%
154 43,650 Sète
24%
152 44,100 Saint-Brieuc
23%
84 62,550 Clichy
22%
179 39,600 Douai
22%
73 67,150 Évry-Courcouronnes
22%
99 54,950 Hyères
22%
176 39,920 Melun
22%
67 70,900 Mérignac
22%
87 59,900 Neuilly-sur-Seine
22%
168 41,300 Bourg-en-Bresse
21%
157 43,400 Châteauroux
21%
51 86,150 Colombes
21%
124 48,800 Grasse
21%
79 63,500 Ivry-sur-Seine
21%
180 39,440 Montélimar
21%
44 95,000 Vitry-sur-Seine
21%
103 54,300 Bobigny
20%
65 72,200 Drancy
20%
70 68,300 Issy-les-Moulineaux
20%
96 55,500 Meaux
20%
72 67,200 Vénissieux
20%
104 54,250 Cholet
19%
174 40,600 Compiègne
19%
78 64,450 Pessac
19%
171 40,850 Alès
18%
175 40,450 Thionville
18%
164 41,800 Castres
17%
54 82,150 Courbevoie
17%
61 75,350 Saint-Maur-des-Fossés
17%
81 62,900 Antony
16%
50 86,400 Aulnay-sous-Bois
16%
105 54,150 Bondy
16%
172 40,650 Boulogne-sur-Mer
16%
137 46,350 Charleville-Mézières
16%
75 65,900 Levallois-Perret
16%
91 58,900 Sarcelles
16%
82 62,800 Villeneuve-d'Ascq
16%
52 85,900 Asnières-sur-Seine
15%
132 46,600 Brive-la-Gaillarde
15%
145 44,800 Saint-Germain-en-Laye
15%
196 36,260 Annemasse
14%
58 77,100 Champigny-sur-Marne
14%
182 39,050 Draguignan
14%
83 62,800 La Seyne-sur-Mer
14%
89 59,100 Pantin
14%
57 77,900 Rueil-Malmaison
14%
100 54,850 Villejuif
14%
120 49,600 Vincennes
14%
156 43,450 Istres
13%
119 50,700 Massy
13%
71 68,250 Noisy-le-Grand
13%
109 53,000 Clamart
12%
102 54,700 Épinay-sur-Seine
12%
147 44,350 Les Sables-d'Olonne
12%
141 45,800 Meudon
12%
118 50,750 Saint-Ouen-sur-Seine
12%
133 46,550 Saint-Priest
12%
142 45,500 Salon-de-Provence
12%
195 36,270 Villefranche-sur-Saône
12%
129 47,250 Aubagne
11%
112 51,500 Cagnes-sur-Mer
11%
126 48,500 Martigues
11%
163 42,250 Bron
10%
150 44,200 Mantes-la-Jolie
10%
125 48,700 Montrouge
10%
144 44,900 Puteaux
10%
178 39,640 Anglet
9%
149 44,200 Châlons-en-Champagne
9%
98 55,200 Chelles
9%
199 35,810 Creil
9%
114 51,300 Sevran
9%
111 52,200 Fontenay-sous-Bois
8%
128 47,750 Gennevilliers
8%
92 57,250 Le Blanc-Mesnil
8%
95 55,950 Maisons-Alfort
8%
187 38,340 Poissy
8%
110 52,350 Sartrouville
8%
160 42,750 Talence
8%
191 37,030 Châtillon
7%
115 51,050 Corbeil-Essonnes
7%
153 44,000 La Courneuve
7%
167 41,450 Le Cannet
7%
148 44,250 Noisy-le-Sec
7%
162 42,400 Rezé
7%
139 46,100 Rosny-sous-Bois
7%
123 48,800 Suresnes
7%
117 50,850 Vaulx-en-Velin
7%
151 44,150 Alfortville
6%
169 40,850 Bagneux
6%
181 39,120 Colomiers
6%
190 37,300 Villepinte
6%
170 40,850 Wattrelos
6%
138 46,200 Choisy-le-Roi
5%
193 36,980 Échirolles
5%
136 46,400 Saint-Herblain
5%
194 36,710 Savigny-sur-Orge
5%
159 42,900 Caluire-et-Cuire
4%
200 35,670 Conflans-Sainte-Honorine
4%
192 37,030 Franconville
4%
177 39,650 Gagny
4%
158 43,000 Garges-lès-Gonesse
4%
188 38,280 Joué-lès-Tours
4%
143 45,050 Livry-Gargan
4%
184 38,540 Marcq-en-Barœul
4%
189 37,890 Pontault-Combault
4%
183 38,700 Stains
4%
185 38,420 Saint-Martin-d'Hères
3%
197 36,250 Tremblay-en-France
3%
198 36,030 Sainte-Geneviève-des-Bois
2%
No matching quizzes found
Score Distribution
Percent of People with Each Score
Percentile by Number Answered
Your Score History
You have not taken this quiz